000
00226nam a2200097Ia 4500
008
170619s9999 xx 000 0 und d
100
_a
Aruldhas- G.
245
0
_a
Molecular Structure and Spectroscopy
260
_b
PHI
260
_c
2011
546
_a
ENGLISH
999
_c
19838
_d
19838